Competències locals i marc legislatiu per a la gestió de la immigració : tractament pràctic i aplicació de la Llei d'estrangeria : formació tractament pràctic i aplicació de la Llei d'estrangeria :
Publicado:
[Barcelona] :
Diputació de Barcelona : CRID, Consorci de Recursos per a la Integració de la Diversitat ,
2004
Descripción Física:
1 tríptic ; 21 cm
MARC
| LEADER | 00000nam a2200000Ia 4500 | ||
|---|---|---|---|
| 001 | 15974 | ||
| 008 | 160829s2004 xx 000 0 cat d | ||
| 080 | |a FU-41-28 | ||
| 245 | |a Competències locals i marc legislatiu per a la gestió de la immigració : |b tractament pràctic i aplicació de la Llei d'estrangeria : |b formació | ||
| 260 | |a [Barcelona] : |b Diputació de Barcelona : |b CRID, Consorci de Recursos per a la Integració de la Diversitat, |c 2004 | ||
| 300 | |a 1 tríptic ; |c 21 cm | ||
| 590 | |a Conté una butlleta d'inscripció al curs | ||
| 650 | |a Llei d'estrangeria |9 39186 | ||
| 650 | |a Emigració i immigració |x Dret i legislació |x Catalunya |9 26909 | ||
| 710 | 1 | |a Barcelona (Catalunya : Província). |b Diputació |9 52408 | |
| 710 | |a Consorci de Recursos per a la Integració de la Diversitat |9 69856 | ||
| 901 | |a Arxiu | ||
| 942 | |n 1 | ||
| 952 | |0 0 |1 0 |4 0 |6 FU4128 |7 1 |9 48851 |a Arxiu |b Arxiu |d 2016-12-01 |l 0 |o FU-41-28 |p 15974 |r 2016-12-01 00:00:00 |w 2016-12-01 |y ARXIU | ||
| 999 | |c 52686 |d 52686 | ||